| 000 | 00000nam 2200000za 4500 |
| 001 | 9.852464 |
| 003 | CaOODSP |
| 005 | 20231208112908 |
| 007 | cr ||||||||||| |
| 008 | 180227s2018 oncd ob f000 0 eng d |
| 040 | |aCaOODSP|beng |
| 043 | |an-cn--- |
| 086 | 1 |aPS83-3/403E-PDF |
| 100 | 1 |aMotiuk, Laurence L. |q(Laurence Louis), |d1954- |
| 245 | 14|aThe development and validation of a criminal risk index (CRI) for federally sentenced offenders in Canada |h[electronic resource] / |cLaurence Motiuk & Ben Vuong. |
| 260 | |aOttawa : |bCorrectional Service of Canada, |c2018. |
| 300 | |aiv, 24 p. : |bcharts (some col.) |
| 490 | 1 |aResearch report ; |vno. R-403 |
| 500 | |aIssued also in French under title: Élaboration et validation d’un indice du risque criminel (IRC) pour les délinquants sous responsabilité fédérale au Canada. |
| 500 | |a"February 2018." |
| 504 | |aIncludes bibliographical references (p. 20-22). |
| 693 | 4|aCriminals |
| 693 | 4|aRecidivism |
| 693 | 4|aForecasting |
| 700 | 1 |aVuong, Ben. |
| 710 | 1 |aCorrectional Service Canada. |bResearch Branch. |
| 775 | 08|tÉlaboration et validation d’un indice du risque criminel (IRC) pour les délinquants sous responsabilité fédérale au Canada |w(CaOODSP)9.852471 |
| 830 | #0|aResearch report (Correctional Service Canada. Research Branch)|vno. R-403.|w(CaOODSP)9.506063 |
| 856 | 40|qPDF|s318 KB|uhttps://publications.gc.ca/collections/collection_2018/scc-csc/PS83-3-403-eng.pdf |